La administración nacional en la constitución colombiana : (Registro nro. 175274)
[ vista simple ]
| 000 -CABECERA | |
|---|---|
| campo de control de longitud fija | 01318nam a22003257a 4500 |
| 005 - FECHA Y HORA DE LA ÚLTIMA TRANSACCIÓN | |
| campo de control | 20260313142644.0 |
| 008 - DATOS DE LONGITUD FIJA--INFORMACIÓN GENERAL | |
| campo de control de longitud fija | 260311s2005 ck ||||g |||| 00| | spa d |
| 040 ## - FUENTE DE LA CATALOGACIÓN | |
| Centro catalogador/agencia de origen | CO-BoESAP |
| Lengua de catalogación | spa |
| Centro/agencia transcriptor | CO-BoESAP |
| 100 1# - ENTRADA PRINCIPAL--NOMBRE DE PERSONA | |
| Nombre de persona | Brito Ruiz, Fernando |
| 9 (RLIN) | 24434 |
| Término indicativo de función/relación | autor |
| 245 13 - MENCIÓN DE TÍTULO | |
| Título | La administración nacional en la constitución colombiana : |
| Resto del título | estudio de los textos de la constitución de 1991 / |
| Mención de responsabilidad, etc. | Fernando Brito Ruiz. |
| 300 ## - DESCRIPCIÓN FÍSICA | |
| Extensión | páginas 69-102 |
| 504 ## - NOTA DE BIBLIOGRAFÍA, ETC. | |
| Nota de bibliografía, etc. | Bibliografía: páginas 100-102. |
| 526 ## - NOTA DE INFORMACIÓN SOBRE EL PROGRAMA DE ESTUDIO | |
| Nombre del programa | 104436 - MAESTRÍA EN ADMINISTRACIÓN PÚBLICA - A distancia |
| 526 ## - NOTA DE INFORMACIÓN SOBRE EL PROGRAMA DE ESTUDIO | |
| Nombre del programa | 1697 - ADMINISTRACIÓN PÚBLICA TERRITORIAL - A distancia |
| 526 ## - NOTA DE INFORMACIÓN SOBRE EL PROGRAMA DE ESTUDIO | |
| Nombre del programa | 19790 - MAESTRÍA EN ADMINISTRACIÓN PÚBLICA - Presencial |
| 526 ## - NOTA DE INFORMACIÓN SOBRE EL PROGRAMA DE ESTUDIO | |
| Nombre del programa | 51868 - ADMINISTRACIÓN PÚBLICA - Presencial |
| 526 ## - NOTA DE INFORMACIÓN SOBRE EL PROGRAMA DE ESTUDIO | |
| Nombre del programa | 102619 - ESPECIALIZACIÓN EN GESTIÓN PÚBLICA - Virtual |
| 526 ## - NOTA DE INFORMACIÓN SOBRE EL PROGRAMA DE ESTUDIO | |
| Nombre del programa | 5144 - ESPECIALIZACIÓN EN ALTA DIRECCIÓN DEL ESTADO - Presencial |
| 650 17 - PUNTO DE ACCESO ADICIONAL DE MATERIA--TÉRMINO DE MATERIA | |
| Término de materia o nombre geográfico como elemento de entrada | Poder público |
| Subdivisión general | Reformas |
| 9 (RLIN) | 4588 |
| Fuente del encabezamiento o término | LEMB |
| Subdivisión geográfica | Colombia |
| 650 24 - PUNTO DE ACCESO ADICIONAL DE MATERIA--TÉRMINO DE MATERIA | |
| Término de materia o nombre geográfico como elemento de entrada | Reformas administrativas |
| Subdivisión general | Historia |
| 9 (RLIN) | 222549 |
| Subdivisión geográfica | Colombia |
| 650 27 - PUNTO DE ACCESO ADICIONAL DE MATERIA--TÉRMINO DE MATERIA | |
| Término de materia o nombre geográfico como elemento de entrada | Reformas constitucionales |
| 9 (RLIN) | 3890 |
| Subdivisión geográfica | Colombia |
| Fuente del encabezamiento o término | LEMB |
| 650 27 - PUNTO DE ACCESO ADICIONAL DE MATERIA--TÉRMINO DE MATERIA | |
| Término de materia o nombre geográfico como elemento de entrada | Presidentes |
| Subdivisión general | Funciones administrativas |
| 9 (RLIN) | 6464 |
| Subdivisión geográfica | Colombia |
| Fuente del encabezamiento o término | LEMB |
| 650 27 - PUNTO DE ACCESO ADICIONAL DE MATERIA--TÉRMINO DE MATERIA | |
| Término de materia o nombre geográfico como elemento de entrada | Poder ejecutivo |
| 9 (RLIN) | 12478 |
| Subdivisión geográfica | Colombia |
| Fuente del encabezamiento o término | LEMB |
| 650 27 - PUNTO DE ACCESO ADICIONAL DE MATERIA--TÉRMINO DE MATERIA | |
| Término de materia o nombre geográfico como elemento de entrada | Descentralización administrativa |
| 9 (RLIN) | 10325 |
| Subdivisión geográfica | Colombia |
| Fuente del encabezamiento o término | LEMB |
| 651 #7 - PUNTO DE ACCESO ADICIONAL DE MATERIA--NOMBRE GEOGRÁFICO | |
| Nombre geográfico | Colombia |
| Fuente del encabezamiento o término | LEMB |
| 9 (RLIN) | 164775 |
| Subdivisión general | Administración pública |
| 651 #7 - PUNTO DE ACCESO ADICIONAL DE MATERIA--NOMBRE GEOGRÁFICO | |
| Nombre geográfico | Colombia |
| Fuente del encabezamiento o término | LEMB |
| 9 (RLIN) | 164775 |
| Subdivisión general | Política y gobierno |
| 651 #7 - PUNTO DE ACCESO ADICIONAL DE MATERIA--NOMBRE GEOGRÁFICO | |
| Nombre geográfico | Colombia |
| Fuente del encabezamiento o término | LEMB |
| 9 (RLIN) | 164775 |
| Subdivisión cronológica | Constitución, 1991 |
| 773 ## - ENLACE AL DOCUMENTO FUENTE/ENTRADA DE REGISTRO ANFITRIÓN | |
| Título | Teoría de la organización administrativa colombiana : una visión jurídico-administrativa |
| 942 ## - ELEMENTOS DE PUNTO DE ACCESO ADICIONAL (KOHA) | |
| Fuente del sistema de clasificación o colocación | Clasificación Local |
| Tipo de ítem Koha | Capítulo de Libro |
No hay ítems disponibles.

